| 000 -CABECERA |
| Longitud fija campo de control |
00843nas a22002297a 4500 |
| 003 - IDENTIFICADOR DEL NÚMERO DE CONTROL |
| Identificador del número de control |
OSt |
| 005 - FECHA Y HORA DE LA ÚLTIMA TRANSACCIÓN |
| Fecha y hora de la última transacción |
20151119132157.0 |
| 008 - CÓDIGOS DE INFORMACIÓN DE LONGITUD FIJA |
| Códigos de información de longitud fija |
130703c1996 sp m|||| |||| 00| 0 spa d |
| 022 ## - NÚMERO INTERNACIONAL NORMALIZADO PARA PUBLICACIONES SERIADAS |
| Número Internacional Normalizado para Publicaciones Seriadas |
1137-1153 |
| 040 ## - FUENTE DE LA CATALOGACIÓN |
| Centro transcriptor |
CDMR |
| Lengua de catalogación |
cat |
| 245 00 - MENCIÓN DE TÍTULO |
| Título |
Autocontrol |
| Mención de responsabilidad, etc. |
Asociación para la Autorregulación de la Comunicación Comercial |
| 246 #0 - VARIANTES DE TÍTULO |
| Título propio / Título en breve |
Autocontrol de la publicidad |
| 247 #0 - TÍTULO ANTERIOR |
| Título |
AAP. Autocontrol de la publicidad |
| 260 ## - PUBLICACIÓN, DISTRIBUCIÓN, ETC. (PIE DE IMPRENTA) |
| Lugar de publicación, distribución, etc. |
Madrid |
| Nombre del editor, distribuidor, etc. |
Asociación para la Autorregulación de la Comunicación Comercial |
| Fecha de publicación, distribución, etc. |
1996- |
| 310 ## - PERIODICIDAD ACTUAL |
| Periodicidad actual |
Mensual |
| 362 ## - FECHAS DE PUBLICACIÓN Y/O DESIGNACIÓN SECUENCIAL |
| Fecha de publicación y/o designación secuencial |
Núm. 1 (1996) - |
| 650 04 - PUNTO DE ACCESO ADICIONAL DE MATERIA - TÉRMINO DE MATERIA |
| 9 (RLIN) |
875 |
| Término de materia o nombre geográfico como elemento inicial |
Publicitat |
| Subdivisión de forma |
Revistes |
| 650 04 - PUNTO DE ACCESO ADICIONAL DE MATERIA - TÉRMINO DE MATERIA |
| 9 (RLIN) |
4580 |
| Término de materia o nombre geográfico como elemento inicial |
Butlletins d'informació |
| 650 04 - PUNTO DE ACCESO ADICIONAL DE MATERIA - TÉRMINO DE MATERIA |
| 9 (RLIN) |
4595 |
| Término de materia o nombre geográfico como elemento inicial |
Publicitaris |
| Subdivisión de materia general |
Ètica professional |
| 856 40 - LOCALIZACIÓN Y ACCESO ELECTRÓNICO |
| Identificador Uniforme del Recurso (URI) |
<a href="http://dialnet.unirioja.es/servlet/revista?codigo=12701">http://dialnet.unirioja.es/servlet/revista?codigo=12701</a> |
| Texto del enlace |
Sumaris disponibles en línia (Dialnet) |
| Nota pública |
(2008- ) |
| 942 ## - ENTRADA DE ELEMENTOS AGREGADOS (KOHA) |
| Fuente de clasificaión o esquema |
|
| Koha [por defecto] tipo de item |
Publicacions periòdiques |